| 000 | 00823cam a2200253 i 4500 | ||
|---|---|---|---|
| 001 | 1277877 | ||
| 008 | 751215s1975 enka b 001 0 eng | ||
| 010 | _a 75329194 | ||
| 020 |
_a0860030059 : _c£4.50. _a0860031063 |
||
| 040 |
_aDLC _cCUZ _dCUZ _beng _erda |
||
| 050 | 0 | 0 |
_aHC256.6 _bCURR |
| 245 | 0 | 0 |
_aCurrent issues in economic policy / _ceditors, R. M. Grant and G. K. Shaw. |
| 264 |
_aOxford : _bPhilip Allan Publishers Ltd., _c1975. |
||
| 300 |
_aviii, 312 pages. : _billustrations. ; _c23 cm. |
||
| 336 |
_atext _btxt |
||
| 337 |
_aunmediated _bn |
||
| 338 | _2rdacarrier | ||
| 651 | 0 | _aGreat Britain | |
| 651 | 0 | _aGreat Britain | |
| 942 | _cOS | ||
| 999 |
_c44860 _d44860 |
||